<?xml version="1.0" encoding="UTF-8"?>
<record
    xmlns:xsi="http://www.w3.org/2001/XMLSchema-instance"
    xsi:schemaLocation="http://www.loc.gov/MARC21/slim http://www.loc.gov/standards/marcxml/schema/MARC21slim.xsd"
    xmlns="http://www.loc.gov/MARC21/slim">

  <leader>01005nam a2200205   4500</leader>
  <controlfield tag="003">LK-CoMWRAF</controlfield>
  <controlfield tag="005">20240331181238.0</controlfield>
  <controlfield tag="008">240331b2015    |||||||| |||| 00| 0 eng d</controlfield>
  <datafield tag="020" ind1=" " ind2=" ">
    <subfield code="a">9789557765020</subfield>
  </datafield>
  <datafield tag="040" ind1=" " ind2=" ">
    <subfield code="a">LK-CoMWRAF</subfield>
    <subfield code="d">LK-CoMWRAF</subfield>
    <subfield code="e">LK-CoMWRAF</subfield>
  </datafield>
  <datafield tag="041" ind1=" " ind2=" ">
    <subfield code="a">tam</subfield>
  </datafield>
  <datafield tag="082" ind1=" " ind2=" ">
    <subfield code="b">IZZ</subfield>
  </datafield>
  <datafield tag="100" ind1=" " ind2=" ">
    <subfield code="a">&#xB87;&#xBB8;&#xBCD;&#xBB8;&#xBA4;&#xBC0;&#xBA9;&#xBCD;, &#xBB9;&#xBB8;&#xBA9;&#xBBE;&#xBB9;&#xBCD; &#xB9A;&#xBC7;&#xB95;&#xBC1;</subfield>
    <subfield code="v">Izzadeen, Hassanah Segu</subfield>
  </datafield>
  <datafield tag="245" ind1=" " ind2=" ">
    <subfield code="a">&#xB87;&#xBB8;&#xBCD;&#xBB2;&#xBBE;&#xBAE;&#xBBF;&#xBAF; &#xBA8;&#xBCB;&#xB95;&#xBCD;&#xB95;&#xBBF;&#xBB2;&#xBCD; &#xBAA;&#xBBE;&#xBB2;&#xBCD;&#xBA8;&#xBBF;&#xBB2;&#xBC8; &#xB9A;&#xBAE;&#xBA4;&#xBCD;&#xBA4;&#xBC1;&#xBB5;&#xBAE;&#xBCD; &#xBAE;&#xBB1;&#xBCD;&#xBB1;&#xBC1;&#xBAE;&#xBCD; &#xB9A;&#xBAE;&#xBA8;&#xBC0;&#xBA4;&#xBBF;:</subfield>
    <subfield code="b">&#xBAE;&#xBC1;&#xBB8;&#xBCD;&#xBB2;&#xBBF;&#xBAE;&#xBCD; &#xBB5;&#xBBF;&#xBB5;&#xBBE;&#xB95; &#xBB5;&#xBBF;&#xBB5;&#xB95;&#xBBE;&#xBB0;&#xBA4;&#xBCD;&#xBA4;&#xBC1;&#xB9A;&#xBCD; &#xB9A;&#xB9F;&#xBCD;&#xB9F;&#xBAE;&#xBC1;&#xBAE;&#xBCD; &#xB87;&#xBB8;&#xBCD;&#xBB2;&#xBBE;&#xBAE;&#xBBF;&#xBAF; &#xB9A;&#xB9F;&#xBCD;&#xB9F;&#xBAE;&#xBC1;&#xBAE;&#xBCD;</subfield>
  </datafield>
  <datafield tag="246" ind1=" " ind2=" ">
    <subfield code="a">Isl&#x101;miya n&#x14D;kkil p&#x101;lnilai camattuvam ma&#x1E5F;&#x1E5F;um caman&#x12B;ti: muslim viv&#x101;ka vivak&#x101;rattuc ca&#x1E6D;&#x1E6D;amum isl&#x101;miya ca&#x1E6D;&#x1E6D;amum</subfield>
  </datafield>
  <datafield tag="260" ind1=" " ind2=" ">
    <subfield code="a">Dehiwala:</subfield>
    <subfield code="b">Sri Lankan Development Journalists Forum,</subfield>
    <subfield code="c">2015</subfield>
  </datafield>
  <datafield tag="300" ind1=" " ind2=" ">
    <subfield code="a">117 p.</subfield>
  </datafield>
  <datafield tag="650" ind1=" " ind2=" ">
    <subfield code="a">GENDER EQUALITY-Islamic perspectives</subfield>
  </datafield>
  <datafield tag="942" ind1=" " ind2=" ">
    <subfield code="c">BK</subfield>
  </datafield>
  <datafield tag="952" ind1=" " ind2=" ">
    <subfield code="0">0</subfield>
    <subfield code="1">0</subfield>
    <subfield code="4">0</subfield>
    <subfield code="7">0</subfield>
    <subfield code="a">MAIN</subfield>
    <subfield code="b">MAIN</subfield>
    <subfield code="d">2024-03-31</subfield>
    <subfield code="l">0</subfield>
    <subfield code="o"> IZZ</subfield>
    <subfield code="p">RAF5236</subfield>
    <subfield code="r">2024-03-31</subfield>
    <subfield code="w">2024-03-31</subfield>
    <subfield code="y">BK</subfield>
  </datafield>
  <datafield tag="999" ind1=" " ind2=" ">
    <subfield code="c">4881</subfield>
    <subfield code="d">4881</subfield>
  </datafield>
</record>
